000 00238nam a2200109Ia 4500
008 190216s9999||||xx |||||||||||||| ||und||
100 _aGupta
245 0 _aFinancial Accounting
260 _bS Chand & Co
650 _aCommerce
942 _cBK
999 _c4434
_d4434